• 首页
  • 本馆介绍
  • 公告通知
  • 最新文献
  • 馆藏检索
  • 电子资源
  • 读者荐购
  • 参考咨询
  • CALIS
  • 我的图书馆
  • 登录
  • 详细信息显示
  • 放入我的书架
  • 预约/预借图书
  • 作者相关作品
  • 分类相关作品
  • 丛书相关作品
  • 出版社相关作品

书目信息

  • 表格格式
  • 工作单格式
  • 卡片格式
题名:
与城市联动的社区生活圈研究与规划
    
 
作者: 王承慧 , 胡明星 著
分册:  
出版信息: 南京   东南大学出版社  2024.12
页数: 160页
开本: 26cm
丛书名:
单 册:
中图分类: TU984.12
科图分类:
主题词: 社区--she qu--城市规划--研究--中国
电子资源:
ISBN: 978-7-5766-1796-2
 
 
 
 
 
000 01658nam0 2200277 450
001 89663
005 20250814182435.35
010    @a978-7-5766-1796-2@dCNY128.00
100    @a20250126d2024 em y0chiy50 ea
101 0  @achi
102    @aCN@b320000
105    @aa a 000yy
106    @ar
200 1  @a与城市联动的社区生活圈研究与规划@Ayu cheng shi lian dong de she qu sheng huo quan yan jiu yu gui hua@d= Research and planning of community life circles that interact with city@f王承慧, 胡明星等著@zeng
210    @a南京@c东南大学出版社@d2024.12
215    @a160页@c图@d26cm
314    @a王承慧, 博士, 东南大学建筑学院城市规划系教授, 国家注册规划师。1997年以来任教于东南大学建筑学院, 曾赴美国麻省理工学院访学。现任中国城市规划学会住房与社区规划专业委员会委员、城乡治理与政策研究专业委员会委员。胡明星, 博士, 东南大学建筑学院城市规划系教授, 博导。2001年迄今于东南大学建筑学院任教, 曾赴澳大利亚莫纳什大学访学。主讲本科与研究生的空间信息技术在城乡规划中应用课程。从事空间信息技术在城乡规划中应用研究, 主持和参加了多项国家自然科学基金项目, 近年来关注时空大数据在规划中的应用。
320    @a有书目 (第156-160页)
330    @a本书提出加强对城市全局性的社区生活圈空间体系的研究, 研究揭示出社区生活圈空间的复杂性和丰富性。社区生活圈规划, 必须结合城市空间结构, 全局系统与局部要素相结合, 才能提升社区生活圈规划建设的科学性和有效性。
510 1  @aResearch and planning of community life circles that interact with city@zeng
606 0  @a社区@Ashe qu@x城市规划@x研究@y中国
690    @aTU984.12@v5
701  0 @a王承慧@Awang cheng hui@4著
701  0 @a胡明星@Ahu ming xing@4著
801  0 @aCN@c20250909
905    @a河南城建学院图书馆@dTU984.12@eW120@f1
    
    与城市联动的社区生活圈研究与规划= Research and planning of community life circles that interact with city/王承慧, 胡明星等著.-南京:东南大学出版社,2024.12
    160页:图;26cm
    
    
    ISBN 978-7-5766-1796-2:CNY128.00
    本书提出加强对城市全局性的社区生活圈空间体系的研究, 研究揭示出社区生活圈空间的复杂性和丰富性。社区生活圈规划, 必须结合城市空间结构, 全局系统与局部要素相结合, 才能提升社区生活圈规划建设的科学性和有效性。
●
相关链接 在E读中查询图书 在当当中查询图书 在豆瓣中查询图书


正题名:与城市联动的社区生活圈研究与规划     索取号:TU984.12/W120         预约/预借

序号 登录号 条形码 馆藏地/架位号 状态 备注
1 1623625   216236259   建筑库201/201建筑库 63排4列4层/ [索取号:TU984.12/W120] 在馆    
河南城建学院图书馆 欢迎您!
大连网信软件有限公司© 版权所有